000 00489nam a2200169Ia 4500
999 _c12016
_d12016
003 OSt
005 20201015102034.0
008 190216s9999||||xx |||||||||||||| ||und||
040 _coclc
082 _a823.8
_bBRO/J
100 _aBronte, Charlotte
_94994
245 0 _aJane Eyre /
_cCharlotte Bronte ; Janet Adam Smith
260 _bHeron Books,
_c1965.
_aLondon:
300 _a555p
650 _aEnglish Literature
942 _cBK
_2ddc
_h823.8
_iBRO/J
_k823.8
_mBRO/J